| 000 | 01415nam0a22003131 4500 | ||
|---|---|---|---|
| 001 | rc\550433 | ||
| 005 | 20030616170117.5 | ||
| 035 | _a(NLR Aleph) 005786457 | ||
| 090 |
_a5153670 _c5153670 |
||
| 100 | _a20030616d1987 u |0rusy50 ca | ||
| 101 | 0 | _arus | |
| 102 | _aRU | ||
| 105 | _aa ||||||||| | ||
| 200 | 1 |
_aЭлектронная структура и оптические спектры полупроводников _dElectronic structure and optical spectra of semiconductors _fР. Дагис, Г. Бабонас, Ю. Каваляускас и др. _gПод ред. Ю. Пожелы _g[АН ЛитССР, Ин-т физики полупроводников] |
|
| 210 |
_aВильнюс _cМокслас _d1987 |
||
| 215 |
_a224, [5] с. _cил. _d22 |
||
| 225 | 1 |
_aЭлектроны в полупроводниках _v6 |
|
| 300 | _aЗагл. также: литов. | ||
| 300 | _aПеред. вып. дан. 1-й авт.: Дагис Раймундас Стасевич | ||
| 300 | _aРез.: литов., англ. | ||
| 320 | _aБиблиогр. в конце глав | ||
| 510 | 0 | _aElectronic structure and optical spectra of semiconductors | |
| 701 | 1 |
_aДагис _bР. С. _gРаймундас Стасио |
|
| 702 | 1 |
_aПожела _bЮ. К. _gЮрас Карлович _4340 |
|
| 801 | 0 |
_aRU _bNLR _gpsbo |
|
| 801 | 1 |
_aRU _bELAR _2rusmarc |
|
| 852 |
_aNLR _j87-5/4344 |
||
| 942 | _cBOOK | ||
| 980 | _aNB | ||